'D' Fictional Characters Quiz Stats

 Plays Quiz not verified by Sporcle

Challenge
Share
Tweet
Score 0/30 Timer 07:00
0 Plays Today
Row/Column Character % Correct
A5Dora Marquez
95.6%
C3Donald Duck
92.5%
C4Daffy Duck
92.1%
C2Dorothy Gale
89%
E5Donkey Kong
86.8%
E2Darth Vader
85.5%
D2Donatello
84.1%
E4Albus Dumbledore
78.9%
C1Dilbert
76.7%
E6Dexter Morgan
74.9%
B3Death
66.1%
A3Doctor Doom
64.3%
A1Dwight Schrute
62.1%
D5Deadpool
51.5%
D1Data
48%
Row/Column Character % Correct
E3Dante
45.8%
E1Doctor Manhattan
44.1%
B5Dr. Horrible
43.6%
B4Dean Winchester
29.1%
C6D'Artagnan
29.1%
A2Frank Drebin
28.6%
B2Daniel Plainview
28.2%
D6Desmond Hume
27.3%
C5Rick Deckard
19.4%
D3Johnny 'Drama' Chase
16.3%
A4Derek 'Del Boy' Trotter
15.9%
A6Drizzt Do'Urden
14.1%
B6Dinobot
11.5%
D4Delenn
8.4%
B1Dropout Bear
7.9%

You're not logged in!

Compare scores with friends on all Sporcle quizzes.
OR
Log In

You Might Also Like...

Show Comments

Extras

Top Quizzes Today


Score Distribution

Your Account Isn't Verified!

In order to create a playlist on Sporcle, you need to verify the email address you used during registration. Go to your Sporcle Settings to finish the process.

Report this User

Report this user for behavior that violates our Community Guidelines.

Details: